MARC details
| 000 -CABECERA |
| campo de control de longitud fija |
01048nam a2200277 a 4500 |
| 001 - NÚMERO DE CONTROL |
| campo de control |
000016865 |
| 003 - IDENTIFICADOR DEL NÚMERO DE CONTROL |
| campo de control |
DO-SdBNP |
| 005 - FECHA Y HORA DE LA ÚLTIMA TRANSACCIÓN |
| campo de control |
20240605140617.0 |
| 008 - DATOS DE LONGITUD FIJA--INFORMACIÓN GENERAL |
| campo de control de longitud fija |
100311s2004 sp ac 001 0 eng d |
| 020 ## - NÚMERO INTERNACIONAL ESTÁNDAR DEL LIBRO |
| Número Internacional Estándar del Libro |
8449414334 |
| 040 ## - FUENTE DE LA CATALOGACIÓN |
| Centro catalogador/agencia de origen |
DO-SdBNP |
| Lengua de catalogación |
spa |
| Centro/agencia transcriptor |
BNPHU |
| 082 #4 - NÚMERO DE LA CLASIFICACIÓN DECIMAL DEWEY |
| Número de clasificación |
920.03 |
| Número de documento/Ítem |
D545b |
| Número de edición |
22 |
| 245 00 - MENCIÓN DE TÍTULO |
| Título |
Diccionario de biografías / |
| Mención de responsabilidad, etc. |
dirección Carlos Gispert ; dirección de contenidos José A. Vidal ; edición Ricardo Joancomartí, Ramón Vilá ; ilustración Monserrat Marcet, Carlos de Gispert N. |
| 260 ## - PUBLICACIÓN, DISTRIBUCIÓN, ETC. |
| Lugar de publicación, distribución, etc. |
Barcelona, España : |
| Nombre del editor, distribuidor, etc. |
Océano, |
| Fecha de publicación, distribución, etc. |
2004. |
| 300 ## - DESCRIPCIÓN FÍSICA |
| Extensión |
1071 p. : |
| Otras características físicas |
il., retrs. ; |
| Dimensiones |
27 cm. |
| 650 #4 - PUNTO DE ACCESO ADICIONAL DE MATERIA--TÉRMINO DE MATERIA |
| Término de materia o nombre geográfico como elemento de entrada |
Biografías |
| Subdivisión de forma |
Diccionarios |
| 9 (RLIN) |
9156 |
| 650 #4 - PUNTO DE ACCESO ADICIONAL DE MATERIA--TÉRMINO DE MATERIA |
| Término de materia o nombre geográfico como elemento de entrada |
Diccionarios enciclopédicos |
| 9 (RLIN) |
13957 |
| 700 1# - PUNTO DE ACCESO ADICIONAL--NOMBRE DE PERSONA |
| Nombre de persona |
Gispert, Carlos, |
| Término indicativo de función/relación |
dir. |
| 9 (RLIN) |
11248 |
| 700 1# - PUNTO DE ACCESO ADICIONAL--NOMBRE DE PERSONA |
| Nombre de persona |
Joancomartí, Ricardo, |
| Término indicativo de función/relación |
ed. |
| 9 (RLIN) |
37330 |
| 700 1# - PUNTO DE ACCESO ADICIONAL--NOMBRE DE PERSONA |
| Nombre de persona |
Vilá, Ramón, |
| Término indicativo de función/relación |
ed. |
| 9 (RLIN) |
37331 |
| 700 1# - PUNTO DE ACCESO ADICIONAL--NOMBRE DE PERSONA |
| Nombre de persona |
Vidal, José A. |
| 9 (RLIN) |
2046 |
| 700 1# - PUNTO DE ACCESO ADICIONAL--NOMBRE DE PERSONA |
| Nombre de persona |
Marcet, Monserrat, |
| Término indicativo de función/relación |
il. |
| 9 (RLIN) |
37332 |
| 700 1# - PUNTO DE ACCESO ADICIONAL--NOMBRE DE PERSONA |
| Nombre de persona |
Gispert N., Carlos de, |
| Término indicativo de función/relación |
il. |
| 9 (RLIN) |
37333 |
| 910 ## - DATOS DE OPCIÓN DEL USUARIO (OCLC) |
| Datos de opción del usuario |
Validado. Control de calidad BNPHU |
| 942 ## - ELEMENTOS DE PUNTO DE ACCESO ADICIONAL (KOHA) |
| Fuente del sistema de clasificación o colocación |
Dewey Decimal Classification |
| Tipo de ítem Koha |
Libro |